Регионална библиотека "Любен Каравелов" - Русе

Сатирични поеми (Запис номер 111485)

MARC детайли
000 -Лидер
Контролно поле с фиксирана дължина 01014nam a2200289 c 4500
003 - Код на организацията, давaща контролен номер
Контролно поле BLK
005 - Дата и час на последна редакция
Контролно поле 20240925005445.0
008 - Елементи от данни с фиксирана дължина
fixed length control field 180409b bul|||||r ||||||| ||bul||
010 ## - Наследен системен номер
LC control number KNG00116830000
040 ## - Източник на каталожния запис
Идентификатор на билиотеката - собственик на записа BLK
041 ## - Код за език
Код за езика на текст/звукозапис или на отделно заглавие Български
Код за езика КДБФ Български
080 ## - УДК
Текстов определител УДК Българска литература
УДК код - определител по УДК 821.163.2
УДК определител -1
УДК - код + определител 821.163.2-1
100 ## - Редна дума - Автор
Автор Петров, Валери
Дати, свързани с автора 1920 - 2014
Пълна форма на името Меворах, Валери Нисим
R(LIN) 363347
139 ## - Редно поле
Редна дума Петров, Валери
Авторски знак Петро - П 47
245 10 - Сведения за заглавието
Заглавие Сатирични поеми
Редно поле (дума) Валери Петров; худож. Георги Чаушев.
257 ## - Страна на издаване
Страна на създаване/издаване България
260 ## - Област на издателските данни
-- София
Име на издателя, разпространителя и проч. Бълг. писател
Година на издаване 1988
Печатница Враца : печ. В. Александров
300 ## - Физическа характеристика
Страници 159 с. с ил.
Размери/Мащаб 21 см
380 ## - Жанр
Жанр Худож. лит.
700 1# - Други автори (авторска отговорност)
Лично име Чаушев, Георги
Автороска отговорност (Описва отношението между автора и произведението) худож.
9 (RLIN) 375871
852 ## - Местоположение
Форматна сигнатура Цб 155539
856 4# - Електронен адрес и достъп
Електронен формат pdf - файл
Път до файла /url/
856 4# - Електронен адрес и достъп
Електронен формат pdf - файл
Път до файла /url/
942 ## - АРТИКУЛИ
Вид на библиотечния материал Книги
Скрит в OPAC Не
944 ## - СЪЗДАВАНЕ И РЕДАКЦИЯ на ЗАПИСА
Създаване/Редакция Създаване
Дата на регистрацията/редакция 06.01.2005
Служител, извършил регистрацията/редакцията
Статус, дата на статуса CRON CRON
944 ## - СЪЗДАВАНЕ И РЕДАКЦИЯ на ЗАПИСА
Създаване/Редакция Редакция
Дата на регистрацията/редакция 12.01.2005
Служител, извършил регистрацията/редакцията
999 ## - СИСТЕМНИ КОНТРОЛНИ НОМЕРА
Koha biblionumber 111485
Koha biblioitemnumber 111485
Наличности
Код за отписване Код за изгубен артикул Код за повреда Коз за рестрикции Код за отдаване Артикулен № Име на библиотеката - собственик Име на библиотеката, в която се намира в момента Статус (Текущо местоположение) Дата на вписване в системата Местоположение - отдел Цена в лева Инвентарен номер Систематично азбучна сигнатура Баркод Номер на екземпляра Цена в евро Служебна бележка Служебен тип на артикула Източник на класификационната схема
  Не е изгубен Не е повреден без рестрикции заемане за дома 179044 Регионална библиотека "Любен Каравелов" Русе Регионална библиотека "Любен Каравелов" Русе Заемна - подръчен фонд 2005-01-06 Заемна - подръчен фонд 1.44 120000690965 П 886.7-1/П 47 120000690965 1 0.74 Дост: DA Вид: А N: 1 Дата: 06.01.2005 Дата инв: 14.02.2018 Бележки инв: П2018 Книги  
  Не е изгубен Не е повреден без рестрикции ползва се в читалня 179045 Регионална библиотека "Любен Каравелов" Русе Регионална библиотека "Любен Каравелов" Русе Хранилище 1988-01-01 Хранилище 1.44 508701 Цб 155539 120000508701 2 0.74 Дост: Dp Вид: Д N: стар фонд Дата: 01.01.1988 Книги Universal Decimal Classification
Изтеглен Не е изгубен Не е повреден без рестрикции заемане за дома 179046 Регионална библиотека "Любен Каравелов" Русе Регионална библиотека "Любен Каравелов" Русе Заемна - подръчен фонд 1988-01-01 Заемна - подръчен фонд 1.44 511294 П 886.7-1/П 47 511294 3 0.74 Дост: Pk Вид: Ф N: стар фонд Дата: 01.01.1988 Дата инв: 14.02.2018 Бележки инв: П2018 Книги Universal Decimal Classification
Изтеглен Не е изгубен Не е повреден без рестрикции заемане за дома 179047 Регионална библиотека "Любен Каравелов" Русе Регионална библиотека "Любен Каравелов" Русе Заемна - подръчен фонд 1988-01-01 Заемна - подръчен фонд 1.44 511295 П 886.7-1/П 47 511295 4 0.74 Дост: Pk Вид: Ф N: стар фонд Дата: 01.01.1988 Книги Universal Decimal Classification
Изтеглен Не е изгубен Не е повреден без рестрикции заемане за дома 179048 Регионална библиотека "Любен Каравелов" Русе Регионална библиотека "Любен Каравелов" Русе Заемна - подръчен фонд 1988-01-01 Заемна - подръчен фонд 1.44 511297 П 886.7-1/П 47 511297 5 0.74 Дост: Pk Вид: Ф N: стар фонд Дата: 01.01.1988 Книги Universal Decimal Classification
Vip Innovations Ltd, Rousse, Bulgaria 2025